Beatles Songs About Beatles Songs - Statistics

General Stats
  • This quiz has been taken 940 times
  • The average score is 10 of 19
Answer Stats
Beatles Song Song Referenced Time Lyric % Correct
Glass Onion I Am The Walrus 0:31 I told you 'bout the walrus and me
73%
Come Together I Am the Walrus 1:30 He got walrus gumboot
73%
God I Am the Walrus 3:31 I was the walrus but now I'm John
73%
Glass Onion Strawberry Fields Forever 0:01 I told you 'bout strawberry fields
68%
With a Little Help from My Friends Sgt. Pepper's Lonely Hearts Club Band 0:00 Billy Shears!
65%
How Do You Sleep? Sgt. Pepper's Lonely Hearts Club Band 0:12 So Sgt. Pepper took you by surprise
65%
I'm The Greatest Sgt. Pepper's Lonely Hearts Club Band 2:17 Yes my name is Billy Shears
65%
All You Need Is Love She Loves You 3:22 She loves you yeah yeah yeah
64%
All You Need Is Love Yesterday 3:13 Yesterday
54%
How Do You Sleep? Yesterday 1:48 The only thing you done was Yesterday
54%
I Am The Walrus Lucy in the Sky with Diamonds 1:13 See how they fly like Lucy in the sky
50%
Glass Onion The Fool on the Hill 1:21 I told you 'bout the fool on the hill
46%
Mean Mr Mustard Polythene Pam 0:35 His sister Pam works in a shop
42%
Carry That Weight You Never Give Me Your Money 0:25 I never give you my pillow
40%
Glass Onion Lady Madonna 0:52 Lady Madonna tryin'a make ends meet
33%
Savoy Truffle Ob-La-Di, Ob-La-Da 2:06 We all know ob-la-di ob-la-da
30%
Glass Onion Fixing a Hole 1:38 Fixing a hole in the ocean
29%
I'm The Greatest With a Little Help from My Friends 2:17 Yes my name is Billy Shears
16%
Never Without You Within You Without You 1:25 Within you without You
10%
No matching quizzes found
Score Distribution
Percent of People with Each Score
Percentile by Number Answered
Your Score History
You have not taken this quiz